GEOLOGY LAB : (Record no. 199035)

MARC details
000 -LEADER
fixed length control field 01982nam a2200421 ia4500
003 - CONTROL NUMBER IDENTIFIER
control field OSt
005 - DATE AND TIME OF LATEST TRANSACTION
control field 20250225105543.0
008 - FIXED-LENGTH DATA ELEMENTS--GENERAL INFORMATION
fixed length control field 250225t20242024mnuao b 001 0 eng d
020 ## - INTERNATIONAL STANDARD BOOK NUMBER
International Standard Book Number 9781098291617
Terms of availability RM 157.41
Qualifying information hardback
040 ## - CATALOGING SOURCE
Original cataloging agency PPAK
Language of cataloging eng
Transcribing agency PPAK
Description conventions rda
082 04 - DEWEY DECIMAL CLASSIFICATION NUMBER
Edition number 23
Classification number 551.078
090 00 - LOCALLY ASSIGNED LC-TYPE CALL NUMBER (OCLC); LOCAL CALL NUMBER (RLIN)
Classification number (OCLC) (R) ; Classification number, CALL (RLIN) (NR) 551.078
Feature heading OLS
Feature heading K
100 1# - MAIN ENTRY--PERSONAL NAME
Personal name Olson, Elsie,
Dates associated with a name 1986-
Relator term author.
245 10 - TITLE STATEMENT
Title GEOLOGY LAB :
Remainder of title Explore Earth with Art & Activities /
Statement of responsibility, etc. Elsie Olson ; Editor: Megan Borgert-Spaniol ; Design: Tamara JM Peterson, Mighty Media, Inc.
246 30 - VARYING FORM OF TITLE
Title proper/short title Explore earth with art & activities
Title proper/short title Explore earth with art and activities
264 #1 - PRODUCTION, PUBLICATION, DISTRIBUTION, MANUFACTURE, AND COPYRIGHT NOTICE
Place of production, publication, distribution, manufacture Minneapolis, Minnesota :
Name of producer, publisher, distributor, manufacturer Abdo Publishing,
Date of production, publication, distribution, manufacture, or copyright notice [2024]
Date of production, publication, distribution, manufacture, or copyright notice ©2024
300 ## - PHYSICAL DESCRIPTION
Extent 32 pages :
Other physical details colour photographs ;
Dimensions 20 cm
336 ## - CONTENT TYPE
Content type term text
Source rdacontent
337 ## - MEDIA TYPE
Media type term unmediated
Source rdamedia
338 ## - CARRIER TYPE
Carrier type term volume
Source rdacarrier
490 1# - SERIES STATEMENT
Series statement STEAM LAB
504 ## - BIBLIOGRAPHY, ETC. NOTE
Bibliography, etc. note Includes bibliographical references and index.
505 ## - FORMATTED CONTENTS NOTE
Title Geology lab --
-- Lab prep --
-- Earth's layers --
-- Digging into earth's past --
-- Examining rocks --
-- Mineralogy --
-- Exploring volcanoes --
-- Geologists at work.
520 ## - SUMMARY, ETC.
Summary, etc. This title tools, methods, discoveries, and careers in the Geology field. Accompanying the main text are activities from agate coasters to an underwater eruption. These crafts encourage readers to engage with what they learned, solidifying their new knowledge. Aligned to Common Core Standards and correlated to state standards.
650 10 - SUBJECT ADDED ENTRY--TOPICAL TERM
Topical term or geographic name entry element Geology
Form subdivision Juvenile literature
Topical term or geographic name entry element Science projects
Form subdivision Juvenile literature
Topical term or geographic name entry element Earth sciences
Form subdivision Juvenile literature
Topical term or geographic name entry element Handicraft
Form subdivision Juvenile literature
Topical term or geographic name entry element Life
Form subdivision Juvenile literature
655 ## - INDEX TERM--GENRE/FORM
Genre/form data or focus term Juvenile works
700 1# - ADDED ENTRY--PERSONAL NAME
Personal name Peterson, Tamara JM,
Relator term illustrator.
Personal name Borgert-Spaniol, Megan,
Relator term editor.
710 2# - ADDED ENTRY--CORPORATE NAME
Corporate name or jurisdiction name as entry element Mighty Media, Inc.,
Relator term illustrator.
830 #0 - SERIES ADDED ENTRY--UNIFORM TITLE
Uniform title STEAM lab
942 ## - ADDED ENTRY ELEMENTS (KOHA)
Source of classification or shelving scheme Dewey Decimal Classification
Koha item type Book
Holdings
Withdrawn Not for loan Current library Shelving location Date acquired Total Checkouts Full call number Barcode Date last seen Date last checked out Koha item type
    Perpustakaan Alor Setar Pinjaman Kanak-kanak 11/03/2025 3 K 551.078 OLS A01867870 17/09/2025 14/08/2025 Book
    Perpustakaan Awam Sungai Petani Pinjaman Kanak-kanak 11/03/2025 1 K 551.078 OLS A01867871 09/09/2025 02/09/2025 Book
    Perpustakaan Kulim Pinjaman Kanak-kanak 11/03/2025   K 551.078 OLS A01867872 11/03/2025   Book